| 000 | 00758cam a22002653a 4500 | ||
|---|---|---|---|
| 001 | 11229 | ||
| 003 | PGUSA | ||
| 005 | 20140828083234.0 | ||
| 008 | 040201s2004||||xxu|||||s|||||000 1 eng d | ||
| 040 |
_aPGUSA _beng |
||
| 042 | _adc | ||
| 050 | 4 | _aPR | |
| 100 | 1 |
_aShiel, M. P. _q(Matthew Phipps), _d1865-1947 |
|
| 245 | 1 | 4 |
_aThe Purple Cloud _h[electronic resource] / _cM. P. Shiel |
| 260 |
_bProject Gutenberg, _c2004 |
||
| 506 | _aPublic domain in the USA. | ||
| 516 | _aElectronic text | ||
| 653 | _aNatural disasters -- Fiction | ||
| 653 | _aApocalyptic fantasies | ||
| 653 | _aScience fiction | ||
| 653 | _aEnd of the world -- Fiction | ||
| 830 | 0 |
_aProject Gutenberg _v11229 |
|
| 856 | 4 | 0 | _uhttp://www.gutenberg.org/ebooks/11229 |
| 942 | _cEB | ||
| 999 |
_c240484 _d240484 |
||